000 00416nam a2200157 i 4500
001 bg
245 0 _aZbiór zadań z mechaniki ogólnej.
_nT. 1 /
_cpod red. J.Leyki i J. Szmeltera.
250 _aWyd.5.
260 _aWarszawa,
_c1980.
700 1 _aLeyko, Jerzy
_d(1918-1995).
_eRed.
700 1 _aSzmelter, Jan.
_eRed.
040 _cBPK
041 _apol
942 _cKS
008 s pl f |000 0 pol
999 _c1022
_d1022
856 _uhttp://koha.tu.koszalin.pl/cgi-bin/koha/opac-detail.pl?biblionumber=1022
_yKatalog online BPK